00343nam a2200145Ia 4500003000400000005001700004008004000021040000700061041001200068082001500080100002700095245002500122260004300147300000700190OSt20241018161445.0210210b1970 xxu||||| |||| 00| 0 eng d cAL aEnglish a152.4 HILL aHILDEBRAND (Alice Von) aLove and Selfishness aAllahabadbBetter yourself booksc1970 a31